000
00321nam a2200133Ia 4500
005
20251222155110.0
008
251222s9999||||xx |||||||||||||| ||spa||
082
_a
EMI. 13
100
_a
REEDER, Sharon
245
0
_a
EnfermerÃa Materno Infantil 2da. Edición
250
_a
1ra. ed.
264
_b
OPS/OMS
942
_c
LIB
999
_c
38012
_d
38012